| Tag |
First Indicator |
Second Indicator |
Subfields |
| LEADER |
00000cam a2200000 4500 |
| 001 |
in00000061253 |
| 005 |
20151008051640.0 |
| 008 |
721128s1950 mau b 00000 eng u |
| 010 |
|
|
|a 50008563
|
| 035 |
|
|
|a (OCoLC)00502231
|
| 035 |
|
|
|9 AAG9180AM
|
| 040 |
|
|
|c WSU
|d TXA
|d UtOrBLW
|
| 049 |
|
|
|a TXAM
|c [184504]
|
| 050 |
|
0 |
|a JQ1502
|b .C46 1950
|
| 092 |
|
|
|a 342.51
|b C533g
|
| 100 |
1 |
|
|a Chien, Tuan-sheng.
|
| 245 |
1 |
4 |
|a The government and politics of China.
|
| 264 |
|
1 |
|a Cambridge :
|b Harvard University Press,
|c 1950.
|
| 300 |
|
|
|a xviii, 526 pages :
|b folded map, diagrams ;
|c 25 cm.
|
| 336 |
|
|
|a text
|b txt
|2 rdacontent
|
| 337 |
|
|
|a unmediated
|b n
|2 rdamedia
|
| 338 |
|
|
|a volume
|b nc
|2 rdacarrier
|
| 500 |
|
|
|a "Published under the auspices of the International Secretariat, Institute of Pacific Relations."
|
| 504 |
|
|
|a Bibliography: pages [483]-510.
|
| 651 |
|
0 |
|a China
|x Constitutional history.
|
| 999 |
|
|
|a MARS
|
| 999 |
f |
f |
|s 3ca85703-f8df-3aef-813b-87f8413c49b0
|i cfccc948-dbfb-3202-b498-abed1396c52f
|t 0
|
| 952 |
f |
f |
|p ric
|a Texas A&M University
|b Rellis Campus
|c Joint Library Facility
|d Remote Storage
|t 0
|e JQ1502 .C46 1950
|h Library of Congress classification
|i unmediated -- volume
|m A14800787162
|
| 998 |
f |
f |
|a JQ1502 .C46 1950
|t 0
|l Remote Storage
|